| 000 | 00827nam a22002057a 4500 | ||
|---|---|---|---|
| 003 | OSt | ||
| 005 | 20150408114214.0 | ||
| 008 | 140428s2014 ua ||||f b 000 0 ara d | ||
| 020 | _a9789777220460 | ||
| 040 | _aMa-Un | ||
| 082 | 0 | 4 |
_221 _a001.4091751 _bإ م ب |
| 100 | 1 | _aإسماعيل، محمد صادق | |
| 245 | 1 | 2 |
_aالبحث العلمي بين المشرق العربي والعالم الغربي : _bكيف نهضوا ..؟ ولماذا تراجعنا ..؟ / _cمحمد صادق إسماعيل. |
| 250 | _aط. 1. | ||
| 260 |
_aالقاهرة : _bالمجموعة العربية للتدريب والنشر، _c2014 _c[1434] |
||
| 300 |
_a190 ص. ؛ _c24 سم. |
||
| 504 | _aيشتمل على إرجاعات ببليوجرافية. | ||
| 650 |
_aالبحث _zالبلاد العربية _99153 |
||
| 942 |
_2ddc _cBOOK |
||
| 999 |
_c34590 _d269090 |
||